Câu hỏi và bài tập trắc nghiệm toán THPT 10 .
Trình bày câu hỏi và bài tập trắc nghiệm về đại số và hình học lớp 10, có HD giải.
Đã lưu trong:
| Tác giả chính: | |
|---|---|
| Định dạng: | Sách |
| Ngôn ngữ: | Vietnamese |
| Năm xuất bản: |
H.
ĐHSP,
2006.
|
| Chủ đề: | |
| Tags: |
Thêm thẻ
Không có thẻ, Hãy là người đầu tiên gắn thẻ bản ghi này!
|
| LEADER | 01991nam a2200397 a 4500 | ||
|---|---|---|---|
| 001 | vtls000021566 | ||
| 003 | VRT | ||
| 005 | 20161213101314.0 | ||
| 008 | 080422s2005 vm 000 u vie d | ||
| 039 | 9 | |a 201203060835 |b luuthiha |c 200810131530 |d Hanh | |
| 040 | |a TVTTHCM | ||
| 082 | 0 | 4 | |a 510.76 |b NG527V |
| 100 | 1 | |a Nguyễn Văn Nho. | |
| 245 | 1 | 0 | |a Câu hỏi và bài tập trắc nghiệm toán THPT 10 . |c Nguyễn Văn Nho. |
| 260 | |a H. |b ĐHSP, |c 2006. | ||
| 300 | |a 191 tr. |c 24 cm. | ||
| 520 | |a Trình bày câu hỏi và bài tập trắc nghiệm về đại số và hình học lớp 10, có HD giải. | ||
| 650 | 0 | |a Optics |x Study and teaching. | |
| 650 | 4 | |x Học tập và giảng dạy. | |
| 653 | |a Toán học | ||
| 653 | |a Đại số | ||
| 653 | |a Hình học | ||
| 653 | |a Lớp 10 | ||
| 653 | |a Câu hỏi trắc nghiệm | ||
| 653 | |a Bài tập | ||
| 653 | |a Giải bài tập | ||
| 653 | |a Lời giải. | ||
| 942 | |2 ddc |c STK0 | ||
| 949 | |6 100032201 | ||
| 949 | |6 100032202 | ||
| 999 | |c 7297 |d 7297 | ||
| 952 | |0 0 |1 0 |2 ddc |4 0 |6 510_760000000000000_NG527V |7 0 |8 500 |9 67136 |a qbu |b qbu |c D3 |d 2015-02-04 |g 20000 |o 510.76 NG527V |p 6913.c1 |r 0000-00-00 |w 2015-02-04 |y STK0 |0 0 |6 510_760000000000000_NG527V | ||
| 952 | |0 0 |1 0 |2 ddc |4 0 |6 510_760000000000000_NG527V |7 0 |8 500 |9 67137 |a qbu |b qbu |c D3 |d 2015-02-04 |g 20000 |l 1 |o 510.76 NG527V |p 6913.c2 |r 2018-12-12 |s 2018-12-12 |w 2015-02-04 |y STK0 |0 0 |6 510_760000000000000_NG527V | ||
| 952 | |0 0 |1 0 |2 ddc |4 0 |6 510_760000000000000_NG527V |7 0 |8 500 |9 67138 |a qbu |b qbu |c D3 |d 2015-02-04 |g 20000 |o 510.76 NG527V |p 6913.c3 |r 0000-00-00 |w 2015-02-04 |y STK0 |0 0 |6 510_760000000000000_NG527V | ||
| 952 | |0 0 |1 0 |2 ddc |4 0 |6 510_760000000000000_NG527V |7 0 |8 500 |9 67139 |a qbu |b qbu |c D3 |d 2015-02-04 |g 20000 |o 510.76 NG527V |p 6913.c4 |r 0000-00-00 |w 2015-02-04 |y STK0 |0 0 |6 510_760000000000000_NG527V | ||
| 952 | |0 0 |1 0 |2 ddc |4 0 |6 510_760000000000000_NG527V |7 0 |8 500 |9 67140 |a qbu |b qbu |c D3 |d 2015-02-04 |g 20000 |o 510.76 NG527V |p 6913.c5 |r 0000-00-00 |w 2015-02-04 |y STK0 |0 0 |6 510_760000000000000_NG527V | ||